000 00848nam a2200253Ia 4500
003 OSt
005 20220923211049.0
006 a|||||r|||| 00| 0
007 ta
008 220922b |||||||| |||| 00| 0 hin d
020 _a8176751014 (hbk)
_c125
024 _a235,352
037 _b415, 28/02/2008, University Book House
_cTextual
040 _aARTS
_cARTS
_bhin
041 _2hin
_ahin
082 _aO152,3N46x, P4-;2
100 _aअरोड़ा, सुधा
_9157805
245 0 _aकांसे का गिलास
246 _aKāanse kā gilāsa
260 _aपंचकूला
_b आधार प्रकाशन
_c2004
300 _a136पृ.
_ccm.
942 _hO152,3N46x, P4-;2
_cTEXL
_2CC
999 _c294735
_d294735